My Little Pony Songs Quiz Stats

 Plays Quiz not verified by Sporcle

Score 0/44 Timer 06:00
1 Play Today
Episode Song Title % Correct
Every EpisodeMy Little Pony Theme Song
75.5%
The Best Night EverAt The Gala
61.6%
A Canterlot Wedding - Part 2This Day Aria
55.1%
Suited For SuccessRarity's Dressmaking Song (Art Of The Dress)
52.9%
Friendship Is Magic: Part 2Giggle At The Ghostie
50.2%
(Song Name)Winter Wrap Up
47.7%
Magical Mystery CureA True, True Friend
47.2%
One Bad AppleBabs Seed
45%
A Canterlot Wedding - Part 1B.B.B.F.F
45%
Bridle GossipEvil Enchantress
44.6%
A Friend In DeedSmile, Smile, Smile
44.1%
Stare MasterHush Now, Quiet Now
42.1%
Magical Mystery CureWhat My Cutie Mark Is Telling Me
40.7%
DragonshyHop Skip and Jump Song
38.5%
A Canterlot Wedding - Part 2Love Is In Bloom
38.4%
May The Best Pet Win!Find A Pet Song
37.8%
Apple Family ReunionRaise This Barn
37.7%
Sweet and EliteBecoming Popular (The Pony Everypony Should Know)
37.4%
The Best Night EverPony Pokey
36.8%
Hearts and Hooves DayThe Perfect Stallion
34.1%
The Super Speedy Cider Squeezy 6000The Flim Flam Brothers
30.2%
Magical Mystery CureMorning In Ponyville
30.1%
Episode Song Title % Correct
Call Of The CutieCupcakes
29.2%
The Cutie Mark ChroniclesSo Many Wonders
28.8%
The Show StoppersCutie Mark Crusaders Theme Song
28.4%
Party Of OnePinkie Pie's Singing Telegram
28.1%
Over A BarrellYou Got To Share, You Got To Care
27.5%
The Crystal Empire - Part 1The Failure Song
26.1%
A Friend In DeedYou're A Cranky Doodle Donkey
25.2%
The Ticket MasterThe Ticket Song
23.6%
Magical Mystery CureCelestia's Ballad
21.2%
A Friend In DeedWelcome Song
20.8%
The Best Night EverI'm At The Grand Galloping Gala
20.6%
Baby CakesPiggy Dance
20.6%
The Crystal Empire - Part 1Ballad Of The Crystal Empire
19.6%
Magical Mystery CureLife In Equestria
18.9%
The Crystal Empire - Part 2The Success Song
18.7%
Hearth's Warming EveThe Heart Carol
17.5%
The Ticket MasterPinkie's Gala Fantasy Song (It's The Best Place For Me)
16.1%
Magical Mystery CureBehold, Princess Twilight Sparkle
15.9%
Griffon The Brush OffJunior Speedsters Chant
15.5%
Baby CakesHappy Monthiversary
15.3%
A Friend In DeedCranky Doodle Joy
14.3%
Magical Mystery CureI've Got To Find My Way
2.2%

You're not logged in!

Compare scores with friends on all Sporcle quizzes.
OR
Log In

Show Comments

Extras

Top Quizzes Today


Score Distribution

Your Account Isn't Verified!

In order to create a playlist on Sporcle, you need to verify the email address you used during registration. Go to your Sporcle Settings to finish the process.

Report this User

Report this user for behavior that violates our Community Guidelines.

Details: